000 00481nam a2200169 i 4500
001 23328
003 ES-MaACL
005 20251012063038.0
007 t|
008 021210s1916 ag ||||1| spa d
100 0 _aAlvarez, S.,
_d1842-1925
_920676
245 1 0 _aCuestiones sociológicas /
_cS. Alvarez.
260 _aBuenos Aires :
_bJuan Roldán,
_c1916 (
_fRosario de Santa Fé)
300 _a339 p. ;
_c23 cm.
852 _aES-MaACL
_jF-4457
999 _c23328
_d23328